00514nam a2200157Ia 450000500170000000800410001704100080005808200150006610000320008124500220011326000430013530000090017865000200018799900190020795201300022620250729165746.0250729s2011 xx 000 0 und d aeng a530.7 KRIS aV.Krishnamacharyalu9232279 aScience Education aNew DelhibNeelkamal Publicationc2011 a356p aScience9232280 c239703d239703 00104070aALbALd2025-07-29eManagement Bookg295.00l0o530.7 KRISpBED05022r2025-07-29 16:57:46v295.00w2025-07-29yBK